The spiffiest giant in town / (Record no. 22477)

MARC details
000 -BAŞLIK
Sabit Uzunluktaki Kontrol Alanı 00636nam a22001937a 4500
003 - KONTROL NUMARASI KİMLİĞİ
Kontrol Alanı koha_MIRAKIL
005 - EN SON İŞLEM TARİHİ ve ZAMANI
Kontrol Alanı 20250610140446.0
008 - SABİT UZUNLUKTAKİ VERİ ÖGELERİ - GENEL BİLGİ
Sabit Alan 250610b eng||||| |||| 00| 0 eng d
020 ## - ISBN - ULUSLARARASI STANDART KİTAP NUMARASI
Isbn 9780142402757
040 ## - KATALOGLAMA KAYNAĞI
Özgün Kataloglama Kurumu TR-IsEVY
Kataloglama Dili tur
Çeviri Kurumu TR-IsEVY
082 ## - DEWEY ONU SINIFLAMA SİSTEMİ
Sınıflama Numarası 420 DON/S
100 ## - KİŞİ ADI
Yazar Adı (Kişi adı) Donaldson, Julia
245 #0 - ESER ADI BİLDİRİMİ
Başlık The spiffiest giant in town /
Sorumluluk Bildirimi Julia Donaldson ; illustrated by Axel Scheffler.
260 ## - YAYIN, DAĞITIM, VB.
Yayın Yeri New York :
Yayınevi Penguin Books.,
Yayın Tarihi 2002.
300 ## - FİZİKSEL TANIMLAMA
Sayfa, Cilt vb. [32] p. :
Diğer fiziki detaylar colour pictures ;
Boyutları 28 cm.
650 ## - KONU BAŞLIĞI EK GİRİŞ - KONU TERİMİ
Konusal terim veya coğrafi ad English Education.
Alt başlık biçimi Children's literature.
-- Reading Books.
700 1# - EK GİRİŞ - KİŞİ ADI
Yazar Adı (Kişi adı) Scheffler, Axel
Ünvan illustrated.
942 ## - EK GİRİŞ ÖGELERİ (KOHA)
Source of classification or shelving scheme Dewey Decimal Classification
Koha item type Kitap
Holdings
Kayıp Durumu Sınıflandırma Kaynağı Hasarlı Durumu Koleksiyon Kodu Kalıcı Konum Mevcut Konum Kayıt Tarih Edinim Kaynağı Toplam Ödünçverme Yer Numarası Demirbaş Numarası Son Görülme Tarihi Fatura Tarihi Materyal Türü
  Dewey Decimal Classification   İlkokul İLKOKUL KÜTÜPHANESİ İLKOKUL KÜTÜPHANESİ 10/06/2025 Bağış   420 DON/S 23824 10/06/2025 10/06/2025 Kitap